000 00368nam a22001217a 4500
040 _cHS
082 _a333
100 _aរតន៍ សិទ្ធិ
245 _aបរិស្ថាន និងការអភិវឌ្ឍន៍ដោយនិរន្តភាព
260 _aCambodia
_bរតន៍ សិទ្ធិ
_c2006
300 _a136p;
942 _cKB
999 _c9331
_d9331